000 00789 a2200205 4500
003 0199082
005 20251011190148.0
020 _a9781032346762
040 _erda
050 _aJQ 751.A91
_b .S35 2023
100 _4Author
_aSchulz Michael
245 _aCivil resistance and democracy promotion
_bAcomparative study analysis /
_cMichael Schulz.
264 _aNew York
_bRoutledge
_c2023
300 _aix, 154p.:
336 _2rdacontent
338 _2rdacarrier
500 _aIndex and reference
600 _2Democratization--Burma Democratization--Palestine Civil society--Burma Civil society--Palestine Government, Resistance to--Burma Government, Resistance to--Palestine Burma--Politics and government--1988- Palestine--Politics and government--1948-
942 _2lcc
_cBK
999 _c43730
_d43730